Central Library OPAC University of Rajshahi

The metal beryllium / (Record no. 17447)

MARC details
000 -LEADER
fixed length control field 00767nam a2200253I 4500
001 - CONTROL NUMBER
control field 17447
003 - CONTROL NUMBER IDENTIFIER
rucl marc code BD-RjUL
005 - DATE AND TIME OF LATEST TRANSACTION
control field 20211209000137.0
008 - FIXED-LENGTH DATA ELEMENTS--GENERAL INFORMATION
fixed length control field 140217s1955 ohua 001 0 enged
035 ## - SYSTEM CONTROL NUMBER
System control number (BD-RjUL)17505
System control number (OCoLC)01533077
040 ## - CATALOGING SOURCE
Original cataloging agency DLC
Transcribing agency WSU
Modifying agency SER
-- MYG
-- BD-RjUL
Language of cataloging eng
041 ## - LANGUAGE CODE
Language code of text/sound track or separate title eng
082 04 - DEWEY DECIMAL CLASSIFICATION NUMBER
Classification number 669.724
Author mark and year MET 1955
245 14 - TITLE STATEMENT
Title The metal beryllium /
Statement of responsibility, etc. Editors: D.W. White, Jr. and J.E. Burke.
260 ## - PUBLICATION, DISTRIBUTION, ETC. (IMPRINT)
Place of publication, distribution, etc. Cleveland :
Name of publisher, distributor, etc. American Society for Metals,
Date of publication, distribution, etc. 1955.
300 ## - PHYSICAL DESCRIPTION
Pagination ix, 703 p.
Illustrations illus., diagrs., tables.
Size 24 cm.
504 ## - BIBLIOGRAPHY, ETC. NOTE
Bibliography, etc Includes index.
650 #0 - SUBJECT ADDED ENTRY--TOPICAL TERM
Topical term or geographic name as entry element Beryllium.
9 (RLIN) 53281
700 1# - ADDED ENTRY--PERSONAL NAME
Personal name White, Donald Wilmot,
Dates associated with a name 1917-
Personal name Burke, Joseph Eldrid,
Dates associated with a name 1914-
942 ## - ADDED ENTRY ELEMENTS (KOHA)
Source of classification or shelving scheme Dewey Decimal Classification
Koha item type Books
Holdings
Lost status Source of classification or shelving scheme Damaged status Not for loan Collection code Permanent Location Current Location Shelving location Date acquired Source of acquisition Cost, normal purchase price Total Checkouts Full call number Date last seen Copy number Koha item type
  Dewey Decimal Classification   Not For Loan Non-fiction Central Library, University of Rajshahi Central Library, University of Rajshahi Reading Room 14/01/1969 Book centre,Dacca. 80.00   669.724 MET 1955 17/02/2014 C-1 Books